Bilecik Bilecik Bilecik Bilecik Bilecik

Ekonometriye giriş/ (Record no. 7883)

MARC details
000 -BAŞLIK
Sabit Uzunluktaki Kontrol Alanı 00929nam a22003377a 4500
001 - KONTROL NUMARASI
Control Dosyası 0007907
003 - KONTROL NUMARASI KİMLİĞİ
Kontrol Alanı KOHA_MİRAKIL
005 - EN SON İŞLEM TARİHİ ve ZAMANI
Kontrol Alanı 20260207001614.0
007 - FİZİKSEL TANIM SABİT ALAN - GENEL BİLGİ
Sabit uzunluklu kontrol alanı ta
008 - SABİT UZUNLUKTAKİ VERİ ÖGELERİ - GENEL BİLGİ
Sabit Alan 091006b1987 tu |||gr||||#||||0|tur |
020 ## - ISBN - ULUSLARARASI STANDART KİTAP NUMARASI
Isbn 9754865477
040 ## - KATALOGLAMA KAYNAĞI
Özgün Kataloglama Kurumu TR-BiSEU
Kataloglama Dili tur
Çeviri Kurumu TR-BiSEU
Açıklama Kuralları rda
041 0# - DİL KODU
Metin ya da ses kaydının dil kodu tur
044 ## - YAYINLAYAN/ÜRETEN KURULUŞUN ÜLKE KODU
ISO country code tu
050 ## - SINIFLAMA ve YER NUMARASI
Sınıflama Numarası HB139
Yer Numarası .E78 1987
100 1# - KİŞİ ADI
Yazar Adı (Kişi adı) Ertek, Tümay.
245 1# - ESER ADI BİLDİRİMİ
Başlık Ekonometriye giriş/
Sorumluluk Bildirimi Tümay Ertek ; Tümay Ertek.
250 ## - BASIM BİLDİRİMİ
Basım Bildirimi 2. Basım
264 #1 - ÜRERİM, YAYIN, DAĞITIM ve TELİF BİLDİRİMİ
Yayın yeri İstanbul :
Yayınlayan Beta
Yayın tarihi 1987
300 ## - FİZİKSEL TANIMLAMA
Sayfa, Cilt vb. 271 sayfa: resimli; 20 cm.
336 ## - İÇERİK TÜRÜ
Content type term metin
Content type code txt
Source rdacontent
337 ## - MEDYA TÜRÜ
Media type term aracısız
Media type code n
Source rdamedia
338 ## - TAŞIYICI TÜRÜ
Carrier type term cilt
Carrier type code nc
Source rdacarrier
490 1# - DİZİ BİLDİRİMİ
Dizi Bildirimi Beta yayın no ;
Cilt Numarası 112.
490 1# - DİZİ BİLDİRİMİ
Dizi Bildirimi İktisat dizisi ;
Cilt Numarası 14.
500 ## - GENEL NOT
Genel Not Kaynakça var.
650 #0 - KONU BAŞLIĞI EK GİRİŞ - KONU TERİMİ
Konusal terim veya coğrafi ad Ekonometri.
9 (RLIN) 1717
830 1# - SERİ EK GİRİŞİ - TEKBİÇİM ESER ADI
Tekbiçim Başlık Beta yayın no ;
Volume number/sequential designation 112.
9 (RLIN) 2735
830 1# - SERİ EK GİRİŞİ - TEKBİÇİM ESER ADI
Tekbiçim Başlık İktisat dizisi ;
Volume number/sequential designation 14.
9 (RLIN) 19161
942 ## - EK GİRİŞ ÖGELERİ (KOHA)
Source of classification or shelving scheme Library of Congress Classification
Koha item type Book
Holdings
Materyal Türü Kalıcı Konum Mevcut Konum Raf Yeri Sınıflandırma Kaynağı Edinim Bilgisi Ana Konular Alt Konular Yer Numarası Demirbaş Numarası Fatura Tarihi Maliyet, Alış Fiyatı Maliyet, Yenileme Fiyatı Geri Çekilme Durumu Kayıp Durumu Hasarlı Durumu Kredi için değil Kayıt Tarih Toplam Ödünçverme Son Görülme Tarihi Son Kontrol Tarihi Genel / Bağış Notu
Book Prof. Dr. Azmi Özcan Kütüphanesi Prof. Dr. Azmi Özcan Kütüphanesi Uluğbey Salonu Library of Congress Classification Bağış SOSYAL BİLİMLER Ekonomi Teorisi, Demografi HB139 .E78 1987 0007907 13/08/2010 3.00 3.00         06/10/2009 5 05/12/2024 05/12/2024 Genel Bağış